书目信息 |
| 题名: |
宇宙射电
|
|
| 作者: | 赵仁扬 著 | |
| 分册: | ||
| 出版信息: | 北京 科学出版社 1978 |
|
| 页数: | 169页 | |
| 开本: | 19cm | |
| 丛书名: | ||
| 单 册: | ||
| 中图分类: | P16 | |
| 科图分类: | ||
| 主题词: | 宇宙射电辐射 | |
| 电子资源: | ||
| ISBN: | ||
| 000 | 00559nam0 2200217 45 | |
| 001 | 0178005916 | |
| 005 | 20060927172742.92 | |
| 010 | @dCNY0.45 | |
| 091 | @a13031.803 | |
| 100 | @a19950726d1978 em y0chiy0121 ea | |
| 101 | 0 | @achi |
| 102 | @aCN@b110000 | |
| 105 | @ay z 000yy | |
| 200 | 10 | @a宇宙射电@Ayu zhou she dian@f赵仁扬著@Fzhao ren yang zhu |
| 210 | @a北京@c科学出版社@d1978 | |
| 215 | @a169页@d19cm | |
| 606 | @a宇宙射电辐射 | |
| 690 | @aP16@v4 | |
| 701 | 0 | @a赵仁扬@Azhao ren yang@4著 |
| 801 | 0 | @aCN@bTSSF@c20060927 |
| 905 | @a10447@dP16@e128 | |
| 宇宙射电/赵仁扬著.-北京:科学出版社,1978 |
| 169页;19cm |
| ISBN :CNY0.45 |
| ● |
| 相关链接 |
|
|
|
|
正题名:宇宙射电
索取号:P16/128
 
预约/预借
| 序号 | 登录号 | 条形码 | 馆藏地/架位号 | 状态 | 备注 |
| 1 | 0004538 | 000698267 | 密集书库/ [索取号:P16/128] | 在馆 | |
| 2 | 0004539 | 202101796 | 第二样本阅览室/ [索取号:P16/128] | 在馆 | |
| 3 | 0422578 | 204225784 | 密集书库/ [索取号:P16/128] | 在馆 | |
| 4 | 0452215 | 204522150 | 密集书库/ [索取号:P16/128] | 在馆 |